01121 a2200193 4500003000500000005001700005010001600022020001500038040000900053082001400062100002300076245007400099250001200173260005500185300005700240505058100297650002400878700002500902Nust20221124121007.0 a 93001996 a0201565536 cNust00a519.4,GER1 aGerald, Curtis F.,10aApplied numerical analysis / cCurtis F. Gerald, Patrick O. Wheatley. a5th ed. aReading, Mass. :bAddison-Wesley Pub. Co.,cc1994. a1 v. (various pagings) :bill. (some col.) ;c25 cm. aNumerical Computing and Computers (Page-1), Solving Nonlinear Equations (Page-29), Solving Sets of Equations (Page-102), Interpolation and Curve Fitting (Page-210), Numerical Differentiation and Numerical Integration (Page-308), Numerical Solution of Ordinary Differential Equations (Page-393), Boundary Value Problems and Characteristic Value Problems (Page-467), Numerical Solution of Partial Differential Equations (Page-542), Parabolic Partial Differential Equations (Page-616), Hyperbolic Partial-Differential Equations (Page-663), Approximation of Functions (Page-696).  0aNumerical analysis.1 aWheatley, Patrick O.